1580 1590 1065 1454 1999 1945 1194 1516 1721 1960 1060 1795 1513 1394 1855 1909 1624 1132 1060 1590 1773 1316 1648 1207 1596 1417 1722 1313 1015 1130 1833 1305 1537 1145 1024 1657 1270 1765 1805 1286 1138 1057 1915 1095 1078 1801 1264 1368 1544 1399 1249 1366 1029 1437 1102 1235 1426 1100 1663 1271 1421 1653 1178 1486 1534 1291 1942 1303 1789 1805 1464 1130 1331 1230 1427 1737 1574 1533 1410 1475 1904 1728 1424 1816 1771 1102 1659 1124 1464 1986 1857 1739 1111 1182 1291 1465 1423 1039 1223 BCNSPRNW ULIB Ver.6.0+V

เปลี่ยนเป็นภาษาไทย

Change to English
 แสดงรายละเอียดบรรณานุกรม
  กลับหน้าหลัก

Brief Record : Get Marc (ISO 2709) : E-mail record : QR code < ปิดหน้าต่าง
LEADER : 00000nam 2200000uu 4500
001    13399107896
003     ULIB
008    110209s2543||||th 000 0 tha d
060 04 WZ100^bส138น 254-
100 1  สงวน นิตยารัมภ์พงศ์
245 10 นายแพทย์สงวน นิตยารัมภ์พงศ์ผู้สร้างคุณูปการอเนกอนันต์แก่การสาธารณสุขไทย^cสงวน นิตยารัมภ์พงศ์
260    [ม.ป.ท. :^bม.ป.พ.;^c254-]
300    36 หน้า : ภาพประกอบ ;^c26 ซม.
600 07 สงวน นิตยารัมภ์พงศ
650  7 แพทย์^xชีวประวัติ
945    ^p0^l0^i023313
945    ^p0^l0^i023312
995    เกษร
999 ^a ใช้งานได้ทุกระบบ
รายการนี้ยังไม่มีแท็ก
คุณยังไม่ได้ล็อกอิน คุณสามารถมีกิจกรรมร่วมกับเว็บไซต์ได้ แต่ต้องล็อกอินก่อน ::
  ล็อกอิน

รายการสื่อสารสนเทศ

ลำดับที่ ประเภท เลขเรียก/บาร์โค้ด สถานที่ สถานะ
- ไม่พบข้อมูล -

รายการใกล้เคียง
    ผู้แต่ง [สงวน นิตยารัมภ์พงศ์]

BibComment


ยังไม่เคยถูกคอมเมนท์

คอมเมนท์ทรัพยากรรายการนี้
  คอมเมนท์: นายแพทย์สงวน นิตย..


 Copyright 2026. Bcnsprnw @Library